000 00511cam a2200193ua 4500
001 2188
008 110804n ii |||gr||||Z||||||eng
040 _cMAIN
082 _a370
100 _aDeka, Birendra Kr.,
_eAuthor.
245 1 _aEducation (H. S. 1st yr.)
_cby Birendra Kumar Deka
250 _a1st.
260 _aGuahati:
_bAssam book depot,997.
300 _a160p:
_c23cm.
653 _aEducation
653 _atext book of higher secondary
700 _aBhattacharjee Sudeshna,
_eAuthor.
942 _cBK
999 _c2056
_d2056